000 00304nam a2200109Ia 4500
008 180205s9999 xx 000 0 und d
020 _a9812471030
100 _aCase, Karl E.
245 _aPrinciple of international aconomics /
260 _aQuezon City
_bPearson Education
_c2003
300 _avi,743 pages
999 _c354669
_d354669